Načítá se...

Aaj ka natak /

Podrobná bibliografie
Hlavní autor: Radhav Prakash
Médium: Printed Book
Jazyk:Hindi
Vydáno: Jaipur : Sahitya Gar , 1990.
Témata:
LEADER 00470nam a2200145Ia 4500
008 150624b xxu||||| |||| 00| d hin d
082 |a 862 
100 |a Radhav Prakash 
245 |c Radhav Prakash  |a Aaj ka natak / 
260 |a Jaipur :  |b Sahitya Gar ,  |c 1990. 
546 |a In Hindi. 
650 |v Drama 
942 |c BK 
999 |c 92435  |d 92435 
952 |0 0  |1 0  |4 0  |6 862_000000000000000_0418R6_AAJ_H  |7 0  |9 92377  |a UL  |b UL  |c ST1  |d 1998-09-15  |l 0  |o 862 0418R6, AAJ H  |p 65930  |r 2012-10-27  |w 2012-10-27  |y BK